000 00797nam a2200289Ia 4500
001 2921
003 IT-RoPAU
008 130308s9999 xx 000 0 und d
040 _aIT-RoPAU
040 _cIT-RoPAU
041 _aITALIANO
100 _aKemeny Tomaso
100 _gCodice Aut. SPICS: 5108
245 _aNota in margine alle prove di segmentazione del testo drammatico
245 _bCome Comunica Il Teatro: dal testo Alla Scena
250 _a1a ed.
260 _aMILANO
260 _bIl Formichiere
260 _c1978 [1° Ed.:1978 - Ed.Ling.Originale:1978]
300 _a"5 p. (prefazione: no ; testo: 5 [pagine: 129-133])"
650 _aLINGUAGGIO TEATRALE
650 _eCodice materia Spics: 8404
942 _cBK
957 _71
999 _c61435
_d61435
999 _bSI
999 _g1